| 000 | 00417cam a2200157ua 4500 | ||
|---|---|---|---|
| 041 |
_aeng _h |
||
| 082 |
_a691 _bDIE/MA |
||
| 100 | _aDietz, Albert G.H . | ||
| 245 |
_aMaterials of construction : wood,plastics, fabrics / _cG.H.Albert Dietz. _hTextual Documents |
||
| 250 |
_a1 / _b. |
||
| 260 |
_a : _bD.Van nostrant co. , _c1949. |
||
| 300 |
_a347 : _b` ; . |
||
| 504 | _a | ||
| 942 | _cBK | ||
| 999 |
_c1765 _d1765 |
||